[Event "Lynskak DM 2023"]
[Site "Hvidovre"]
[Date "2023.05.14"]
[Round "8.1"]
[White "Kistrup, Nicolai"]
[Black "Thorsbro, Peter"]
[Result "1-0"]
[WhiteElo "2300"]
[BlackElo "2165"]
[PlyCount "101"]
[EventDate "2023.05.14"]
[EventType "swiss"]
[EventRounds "13"]
[EventCountry "DEN"]
[SourceTitle "Live v. Kasper Jerwiarz"]

1. d4 d5 2. c4 e6 3. Nf3 Nf6 4. g3 Be7 5. Bg2 O-O 6. O-O dxc4 7. Qc2 Bd7 8.
Qxc4 Bc6 9. Bf4 Nbd7 10. Nc3 Nb6 11. Qd3 Nbd5 12. Bd2 Nxc3 13. bxc3 Be4 14. Qb5
b6 15. Ne5 Bxg2 16. Kxg2 c5 17. Nc6 Qd5+ 18. f3 Rfe8 19. e4 Qd7 20. Nxe7+ Rxe7
21. Qxd7 Rxd7 22. Be3 cxd4 23. cxd4 Rc8 24. Rfc1 Rdc7 25. Rxc7 Rxc7 26. Rc1
Rxc1 27. Bxc1 Kf8 28. Kf2 Ke7 29. Ke3 Kd7 30. Kd3 Kc6 31. g4 g6 32. h4 h5 33.
Bg5 Nd7 34. gxh5 gxh5 35. Be7 b5 36. Ke3 a5 37. Kf4 b4 38. Kg5 Kb5 39. Kxh5 Kc4
40. Kg5 a4 41. h5 b3 42. axb3+ axb3 43. Ba3 Kxd4 44. Bb2+ Ke3 45. h6 Nf8 46.
Kf6 Nh7+ 47. Kxf7 Kxf3 48. Kg6 Kxe4 49. Kxh7 Kf4 50. Kg6 e5 51. h7 1-0

[Event "Lynskak DM 2023"]
[Site "Hvidovre"]
[Date "2023.05.14"]
[Round "8.2"]
[White "Fedder, Steen"]
[Black "Andersen, Mads"]
[Result "0-1"]
[WhiteElo "2380"]
[BlackElo "2615"]
[PlyCount "54"]
[EventDate "2023.05.14"]
[EventType "swiss"]
[EventRounds "13"]
[EventCountry "DEN"]
[SourceTitle "Live v. Kasper Jerwiarz"]

1. d4 d5 2. c4 e6 3. Nf3 c5 4. e3 Nf6 5. Nc3 Nc6 6. a3 a6 7. Bd3 dxc4 8. Bxc4
b5 9. Bb3 Bb7 10. O-O Qb6 11. d5 Rd8 12. e4 c4 13. Bc2 Bc5 14. Qe2 Nd4 15. Nxd4
Bxd4 16. Be3 Bxe3 17. fxe3 exd5 18. exd5 O-O 19. Kh1 Nxd5 20. Nxd5 Rxd5 21. e4
Re5 22. Rad1 Qe6 23. Rd4 Re8 24. Qd2 Bxe4 25. Bxe4 Rxe4 26. Rxe4 Qxe4 27. Qd7
Qe6 0-1

[Event "Lynskak DM 2023"]
[Site "Hvidovre"]
[Date "2023.05.14"]
[Round "8.3"]
[White "Lauridsen, Jesper Morch"]
[Black "Skytte, Rasmus"]
[Result "1/2-1/2"]
[WhiteElo "2309"]
[BlackElo "2430"]
[PlyCount "72"]
[EventDate "2023.05.14"]
[EventType "swiss"]
[EventRounds "13"]
[EventCountry "DEN"]
[SourceTitle "Live v. Kasper Jerwiarz"]

1. e4 g6 2. d4 Bg7 3. Nc3 a6 4. f4 d5 5. e5 h5 6. Be3 Nh6 7. Be2 Bg4 8. Nf3 e6
9. Ng5 Nd7 10. Qd2 Rc8 11. O-O Bxe2 12. Nxe2 Ng4 13. c4 c6 14. cxd5 cxd5 15.
Rfc1 O-O 16. Rxc8 Qxc8 17. Rc1 Qd8 18. h3 Nh6 19. Qb4 Nb6 20. b3 Nf5 21. Bd2
Bh6 22. Qc5 Bxg5 23. fxg5 Nd7 24. Qc7 h4 25. Qxb7 a5 26. Rc7 Nb8 27. Bxa5 Qxg5
28. Rc8 Qe3+ 29. Kf1 Ng3+ 30. Nxg3 hxg3 31. Rxf8+ Kxf8 32. Qxb8+ Kg7 33. Be1
Qd3+ 34. Kg1 Qe3+ 35. Kf1 Qd3+ 36. Kg1 Qe3+ 1/2-1/2

[Event "Lynskak DM 2023"]
[Site "Hvidovre"]
[Date "2023.05.14"]
[Round "8.4"]
[White "Pedersen, Jan Nordenbaek"]
[Black "Sylvan, Jacob"]
[Result "0-1"]
[WhiteElo "2148"]
[BlackElo "2325"]
[PlyCount "46"]
[EventDate "2023.05.14"]
[EventType "swiss"]
[EventRounds "13"]
[EventCountry "DEN"]
[SourceTitle "Live v. Kasper Jerwiarz"]

1. e4 c5 2. Nf3 e6 3. Nc3 Nc6 4. d4 cxd4 5. Nxd4 Qc7 6. g3 a6 7. Bg2 d6 8. O-O
Bd7 9. Be3 Be7 10. f4 Nf6 11. Nb3 Rc8 12. a4 Na5 13. Nxa5 Qxa5 14. e5 dxe5 15.
Bxb7 Rd8 16. Qf3 exf4 17. Qxf4 O-O 18. Rad1 Rb8 19. Bf3 Rxb2 20. Bd4 Bc5 21.
Ne4 Bxd4+ 22. Rxd4 Nd5 23. Ng5 Nxf4 0-1

[Event "Lynskak DM 2023"]
[Site "Hvidovre"]
[Date "2023.05.14"]
[Round "8.5"]
[White "Thybo, Jesper Sondergaard"]
[Black "Loftgaard, Mikkel Vinh"]
[Result "1-0"]
[WhiteElo "2509"]
[BlackElo "2244"]
[PlyCount "81"]
[EventDate "2023.05.14"]
[EventType "swiss"]
[EventRounds "13"]
[EventCountry "DEN"]
[SourceTitle "Live v. Kasper Jerwiarz"]

1. Nf3 Nf6 2. g3 b5 3. e3 a6 4. b3 Bb7 5. c4 b4 6. Bb2 e6 7. Bg2 d5 8. O-O Be7
9. d4 O-O 10. Nbd2 c5 11. Qe2 Nbd7 12. Rfd1 Qb6 13. cxd5 exd5 14. dxc5 Nxc5 15.
Nd4 Nce4 16. Nf5 Rfe8 17. Nxe4 dxe4 18. Nxe7+ Rxe7 19. Rac1 Ree8 20. Bd4 Qd8
21. Rc5 Rc8 22. Rxc8 Bxc8 23. Qc2 Bg4 24. Rd2 Qe7 25. h3 Bf5 26. g4 Bg6 27. Qc5
Qxc5 28. Bxc5 a5 29. Bb6 a4 30. bxa4 h5 31. g5 Nh7 32. h4 f6 33. gxf6 Nxf6 34.
a5 Ra8 35. Rd8+ Rxd8 36. Bxd8 Bf7 37. a6 Bd5 38. Bxf6 gxf6 39. Bh3 Kf8 40. Bc8
Bxa2 41. Bb7 1-0

[Event "Lynskak DM 2023"]
[Site "Hvidovre"]
[Date "2023.05.14"]
[Round "8.6"]
[White "Boe, Mads"]
[Black "Nielsen, Viktor Haarmark"]
[Result "1-0"]
[WhiteElo "2283"]
[BlackElo "2335"]
[PlyCount "95"]
[EventDate "2023.05.14"]
[EventType "swiss"]
[EventRounds "13"]
[EventCountry "DEN"]
[SourceTitle "Live v. Kasper Jerwiarz"]

1. d4 Nf6 2. Nf3 d5 3. Bg5 e6 4. e3 Bd6 5. Bd3 Nbd7 6. c4 c6 7. Nc3 O-O 8. O-O
h6 9. Bh4 Re8 10. e4 dxc4 11. Bxc4 e5 12. Re1 exd4 13. Qxd4 Ne5 14. Rad1 Nxf3+
15. gxf3 Be7 16. Qxd8 Bxd8 17. e5 Nd5 18. Bxd8 Rxd8 19. Nxd5 cxd5 20. Bxd5 Be6
21. Bxb7 Rxd1 22. Rxd1 Rb8 23. Be4 Bxa2 24. f4 g6 25. Rd2 Rb4 26. f3 Be6 27.
Kf2 a5 28. Kg3 Kg7 29. h4 h5 30. Rc2 a4 31. Rd2 Rb3 32. Rc2 a3 33. bxa3 Rxa3
34. Rd2 Ra4 35. Bd5 Bxd5 36. Rxd5 Ra1 37. Rd7 Rg1+ 38. Kf2 Rh1 39. e6 Kf8 40.
Rxf7+ Ke8 41. Rf6 Rxh4 42. Ke3 Ke7 43. Rxg6 Rh1 44. Ke4 Re1+ 45. Kf5 h4 46.
Rg7+ Ke8 47. Rh7 Rg1 48. Ke4 1-0

[Event "Lynskak DM 2023"]
[Site "Hvidovre"]
[Date "2023.05.14"]
[Round "8.7"]
[White "Larsen, Karsten"]
[Black "Ostergaard, Jens"]
[Result "1-0"]
[WhiteElo "2208"]
[BlackElo "2278"]
[PlyCount "137"]
[EventDate "2023.05.14"]
[EventType "swiss"]
[EventRounds "13"]
[EventCountry "DEN"]
[SourceTitle "Live v. Kasper Jerwiarz"]

1. e4 c5 2. Nf3 Nc6 3. Bb5 e6 4. O-O Nge7 5. Re1 a6 6. Bxc6 Nxc6 7. d4 cxd4 8.
Nxd4 d6 9. Nxc6 bxc6 10. Qg4 e5 11. Qg3 g6 12. c4 Bg7 13. Nc3 O-O 14. b3 Be6
15. Ba3 Qc7 16. Rad1 Rad8 17. Qd3 Qa5 18. Bb2 f5 19. Re2 f4 20. f3 g5 21. h3 h5
22. Na4 g4 23. hxg4 hxg4 24. Ba3 c5 25. Kf1 g3 26. Red2 Rd7 27. Ke2 Rdd8 28.
Rh1 Bd7 29. Qc3 Qc7 30. Nb2 Kf7 31. Rdd1 Rh8 32. Nd3 Rxh1 33. Rxh1 Rh8 34. Rxh8
Bxh8 35. Bb2 Qd8 36. Qe1 Bf6 37. Qh1 Qh8 38. Qxh8 Bxh8 39. Nxf4 Bc6 40. Nh5 Ke6
41. Nxg3 Bf6 42. Nf5 a5 43. Bc3 a4 44. g3 axb3 45. axb3 Be8 46. Ke3 Bc6 47. Ke2
Be8 48. Ne3 Bc6 49. Nd5 Bd8 50. f4 exf4 51. gxf4 Be8 52. f5+ Kf7 53. e5 dxe5
54. Bxe5 Bd7 55. f6 Bc6 56. Kd3 Ke6 57. Ke4 Ba5 58. Bb2 Bd8 59. Bc3 Bb7 60. Kf4
Bxd5 61. cxd5+ Kxd5 62. Kf5 Kd6 63. Bd2 Kd7 64. Bf4 Ba5 65. Kg6 Bb4 66. f7 c4
67. bxc4 Kc6 68. Be3 Be7 69. Kg7 1-0

[Event "Lynskak DM 2023"]
[Site "Hvidovre"]
[Date "2023.05.14"]
[Round "8.8"]
[White "Jaksland, Tim"]
[Black "Meskenas, Paulius"]
[Result "1-0"]
[WhiteElo "2117"]
[BlackElo "2159"]
[PlyCount "67"]
[EventDate "2023.05.14"]
[EventType "swiss"]
[EventRounds "13"]
[EventCountry "DEN"]
[SourceTitle "Live v. Kasper Jerwiarz"]

1. e4 e5 2. Nf3 Nc6 3. d4 exd4 4. Nxd4 Bc5 5. Nb3 Bb6 6. Nc3 d6 7. Bf4 a6 8.
Qd2 Nf6 9. O-O-O Be6 10. Kb1 Qd7 11. f3 O-O-O 12. Nd5 Ba7 13. Be2 Ne7 14. Nxf6
gxf6 15. Be3 Bxe3 16. Qxe3 Kb8 17. Rd2 Qa4 18. Rd4 Qc6 19. Rhd1 Nc8 20. Na5 Qc5
21. Nb3 Qc6 22. Na5 Qc5 23. Nb3 Qb6 24. Qf4 Rhg8 25. g4 Ne7 26. Qxf6 Nc6 27.
R4d2 Ne5 28. Qf4 a5 29. Nd4 Bc4 30. Qe3 a4 31. a3 Rde8 32. Qc3 Bxe2 33. Nxe2
Nd7 34. Nf4 1-0

[Event "Lynskak DM 2023"]
[Site "Hvidovre"]
[Date "2023.05.14"]
[Round "8.9"]
[White "Nielsen, Lars Aaes"]
[Black "Hoi, Carsten"]
[Result "0-1"]
[WhiteElo "2189"]
[BlackElo "2333"]
[PlyCount "86"]
[EventDate "2023.05.14"]
[EventType "swiss"]
[EventRounds "13"]
[EventCountry "DEN"]
[SourceTitle "Live v. Kasper Jerwiarz"]

1. e4 g6 2. d4 Bg7 3. Be3 d6 4. Be2 c6 5. h4 h5 6. c4 Nf6 7. Nc3 Nbd7 8. Nh3 e5
9. d5 cxd5 10. cxd5 Nc5 11. Ng5 Ng4 12. Bxc5 dxc5 13. Qa4+ Bd7 14. Bb5 Nf6 15.
Rd1 O-O 16. Bxd7 Nxd7 17. g3 Nb6 18. Qc2 Bh6 19. Nf3 Bg7 20. Ng5 Nc8 21. d6 a6
22. d7 Ne7 23. Nd5 Nc6 24. Qxc5 Kh8 25. Nb6 Rb8 26. a4 Qf6 27. O-O Rbd8 28. a5
Bh6 29. b4 Bxg5 30. hxg5 Qxg5 31. Qd6 h4 32. Rd3 Nd4 33. Kg2 f6 34. Rh1 Kg7 35.
Rxh4 Rf7 36. Qc7 Ne6 37. Qxb7 Nf4+ 38. Kf3 Nxd3 39. Qd5 Nf4 40. Rh7+ Kxh7 41.
Qxf7+ Kh6 42. Qe7 Qh5+ 43. Ke3 Qe2# 0-1

[Event "Lynskak DM 2023"]
[Site "Hvidovre"]
[Date "2023.05.14"]
[Round "8.10"]
[White "Hansen, Jacob Ost"]
[Black "Christensen, Janus"]
[Result "1-0"]
[WhiteElo "2338"]
[BlackElo "2141"]
[PlyCount "73"]
[EventDate "2023.05.14"]
[EventType "swiss"]
[EventRounds "13"]
[EventCountry "DEN"]
[SourceTitle "Live v. Kasper Jerwiarz"]

1. g3 d5 2. Nf3 c5 3. Bg2 Nc6 4. O-O e5 5. d3 Nf6 6. Nbd2 Bd6 7. e4 d4 8. a4 h6
9. Nc4 Bc7 10. Nh4 Be6 11. Nf5 Bxc4 12. dxc4 O-O 13. f4 Ne7 14. fxe5 Bxe5 15.
Bf4 Ng6 16. Qd2 Bxf4 17. gxf4 Re8 18. e5 Nd7 19. Nd6 Re7 20. Nxb7 Qc7 21. Nxc5
Qxc5 22. Bxa8 Qxc4 23. Qd3 Qc8 24. Be4 Ngf8 25. Qxd4 Nc5 26. Bg2 Nfe6 27. Qe3
Qc7 28. b4 Nd7 29. Rad1 Nb6 30. a5 Nc4 31. Qe4 g6 32. Qc6 Qxc6 33. Bxc6 Ne3 34.
b5 Nxf1 35. Rxf1 Nd4 36. Rd1 a6 37. Rxd4 1-0

[Event "Lynskak DM 2023"]
[Site "Hvidovre"]
[Date "2023.05.14"]
[Round "9.1"]
[White "Sylvan, Jacob"]
[Black "Kistrup, Nicolai"]
[Result "0-1"]
[WhiteElo "2325"]
[BlackElo "2300"]
[PlyCount "120"]
[EventDate "2023.05.14"]
[EventType "swiss"]
[EventRounds "13"]
[EventCountry "DEN"]
[SourceTitle "Live v. Kasper Jerwiarz"]

1. c4 e5 2. Nc3 Nf6 3. e4 Bb4 4. d3 O-O 5. Nf3 Re8 6. Be2 c6 7. O-O h6 8. a3
Bxc3 9. bxc3 d5 10. cxd5 cxd5 11. exd5 Nxd5 12. Bb2 Nf4 13. Re1 Nxe2+ 14. Qxe2
Nc6 15. h3 Bf5 16. Rad1 Qb6 17. Rb1 Rad8 18. Red1 e4 19. dxe4 Rxe4 20. Rxd8+
Qxd8 21. Qd1 Qe8 22. Qd2 Re2 23. Re1 Rxe1+ 24. Nxe1 Qe4 25. Nf3 Kh7 26. Bc1 Na5
27. Qf4 Qxf4 28. Bxf4 Nc4 29. Bc1 Kg6 30. Nd4 Kf6 31. g4 Bd7 32. f4 Ke7 33. Kf2
Kd6 34. f5 Kd5 35. f6 gxf6 36. Bxh6 Nxa3 37. Bc1 Nc4 38. Kg3 a5 39. h4 Ne5 40.
h5 Nxg4 41. h6 Nxh6 42. Bxh6 Kc4 43. Bg7 a4 44. Bf8 Kxc3 45. Ne2+ Kb2 46. Nf4
a3 47. Nd3+ Kc2 48. Bxa3 Kxd3 49. Kf4 b5 50. Be7 f5 51. Kf3 Be6 52. Kf2 Kc3 53.
Ke1 f4 54. Kf2 Bd5 55. Bf6+ Kc4 56. Ke2 b4 57. Kd2 b3 58. Bg5 f3 59. Be3 Be4
60. Bf2 b2 0-1

[Event "Lynskak DM 2023"]
[Site "Hvidovre"]
[Date "2023.05.14"]
[Round "9.2"]
[White "Andersen, Mads"]
[Black "Thybo, Jesper Sondergaard"]
[Result "1-0"]
[WhiteElo "2615"]
[BlackElo "2509"]
[PlyCount "63"]
[EventDate "2023.05.14"]
[EventType "swiss"]
[EventRounds "13"]
[EventCountry "DEN"]
[SourceTitle "Live v. Kasper Jerwiarz"]

1. e4 e5 2. Nf3 Nc6 3. Bb5 Nf6 4. O-O Nxe4 5. Re1 Nd6 6. Nxe5 Be7 7. Bf1 Nxe5
8. Rxe5 O-O 9. Nc3 Ne8 10. Nd5 Bd6 11. Re1 c6 12. Ne3 Be7 13. Nf5 Bf6 14. Qe2
d5 15. Ne7+ Kh8 16. Nxc8 Rxc8 17. d3 Nd6 18. Qg4 Rc7 19. c3 Re7 20. Rxe7 Qxe7
21. Bd2 Re8 22. Re1 Qd8 23. Rxe8+ Qxe8 24. Be3 a6 25. g3 g6 26. Qf4 Qe5 27. Bh3
Kg8 28. Kg2 h5 29. Qxe5 Bxe5 30. Bc5 f5 31. f4 b6 32. fxe5 1-0

[Event "Lynskak DM 2023"]
[Site "Hvidovre"]
[Date "2023.05.14"]
[Round "9.3"]
[White "Skytte, Rasmus"]
[Black "Larsen, Karsten"]
[Result "1-0"]
[WhiteElo "2430"]
[BlackElo "2208"]
[PlyCount "93"]
[EventDate "2023.05.14"]
[EventType "swiss"]
[EventRounds "13"]
[EventCountry "DEN"]
[SourceTitle "Live v. Kasper Jerwiarz"]

1. e4 e5 2. Nf3 Nc6 3. d4 exd4 4. Bc4 Nf6 5. O-O Be7 6. Re1 d6 7. Nxd4 O-O 8.
Nc3 Re8 9. Bb3 Bg4 10. f3 Bd7 11. Be3 Bf8 12. Qd2 h6 13. Rad1 Ne5 14. Nf5 Bxf5
15. exf5 Qc8 16. Nd5 Nxd5 17. Qxd5 c6 18. Qe4 d5 19. Qf4 Bd6 20. Bf2 Qd7 21. f6
Nd3 22. Rxe8+ Rxe8 23. Qd2 Nxf2 24. Qxf2 g6 25. c4 b6 26. Kh1 Bc5 27. Qd2 Be3
28. Qd3 d4 29. c5 Kh7 30. cxb6 axb6 31. Qc4 Re6 32. Qd3 Rd6 33. h3 Qf5 34. Qxf5
gxf5 35. Bxf7 Rxf6 36. Bc4 Kg7 37. Bd3 Kf7 38. g3 Ke6 39. Kg2 Kd5 40. b3 b5 41.
a4 bxa4 42. bxa4 c5 43. Rb1 f4 44. gxf4 Bxf4 45. a5 Rf8 46. a6 Ra8 47. Be4+ 1-0

[Event "Lynskak DM 2023"]
[Site "Hvidovre"]
[Date "2023.05.14"]
[Round "9.4"]
[White "Jaksland, Tim"]
[Black "Lauridsen, Jesper Morch"]
[Result "1-0"]
[WhiteElo "2117"]
[BlackElo "2309"]
[PlyCount "60"]
[EventDate "2023.05.14"]
[EventType "swiss"]
[EventRounds "13"]
[EventCountry "DEN"]
[SourceTitle "Live v. Kasper Jerwiarz"]

1. e4 e6 2. d4 d5 3. exd5 exd5 4. Nf3 Bd6 5. c4 c6 6. Nc3 Ne7 7. Bd3 dxc4 8.
Bxc4 O-O 9. h3 Nd7 10. O-O Nb6 11. Bb3 Be6 12. Bxe6 fxe6 13. Re1 Ned5 14. Rxe6
Qd7 15. Re1 Rae8 16. Rxe8 Qxe8 17. Qe2 Qg6 18. Qe4 Nxc3 19. Qxg6 hxg6 20. bxc3
Re8 21. Kf1 Nd5 22. Bd2 b5 23. Re1 Rxe1+ 24. Kxe1 a5 25. Ke2 b4 26. cxb4 axb4
27. Kd3 Kf7 28. Ne1 c5 29. dxc5 Bxc5 30. Kc4 Ke6 1-0

[Event "Lynskak DM 2023"]
[Site "Hvidovre"]
[Date "2023.05.14"]
[Round "9.5"]
[White "Thorsbro, Peter"]
[Black "Fedder, Steen"]
[Result "1-0"]
[WhiteElo "2165"]
[BlackElo "2380"]
[PlyCount "73"]
[EventDate "2023.05.14"]
[EventType "swiss"]
[EventRounds "13"]
[EventCountry "DEN"]
[SourceTitle "Live v. Kasper Jerwiarz"]

1. d4 Nf6 2. Nf3 g6 3. g3 Bg7 4. Bg2 O-O 5. c4 c5 6. d5 b5 7. cxb5 a6 8. bxa6
d6 9. O-O Bxa6 10. Nc3 Nbd7 11. Rb1 Qa5 12. Bd2 Rfb8 13. b3 Qc7 14. Re1 Nb6 15.
Bc1 Nfd7 16. Bb2 Ne5 17. Nxe5 Bxe5 18. Qd2 Nd7 19. Ne4 Bxb2 20. Rxb2 Nf6 21.
Nxf6+ exf6 22. Qc3 Qe7 23. e4 Qe5 24. Qd2 c4 25. f4 Qe7 26. b4 Bb5 27. Qc3 Qa7+
28. Kh1 Qa3 29. Qxf6 c3 30. Rf2 Qxb4 31. Rc1 Rc8 32. e5 Qa3 33. Rcc2 Bd3 34. e6
Rf8 35. Rxc3 Qa7 36. Rd2 Qe3 37. Rd1 1-0

[Event "Lynskak DM 2023"]
[Site "Hvidovre"]
[Date "2023.05.14"]
[Round "9.6"]
[White "Pedersen, Daniel Vesterbaek"]
[Black "Boe, Mads"]
[Result "0-1"]
[WhiteElo "2212"]
[BlackElo "2283"]
[PlyCount "82"]
[EventDate "2023.05.14"]
[EventType "swiss"]
[EventRounds "13"]
[EventCountry "DEN"]
[SourceTitle "Live v. Kasper Jerwiarz"]

1. e4 c6 2. d4 d5 3. e5 Bf5 4. Nf3 e6 5. Be2 h6 6. O-O Ne7 7. Nbd2 Nd7 8. Nb3
Bh7 9. a4 Nf5 10. a5 Be7 11. g4 Nh4 12. Nxh4 Bxh4 13. f4 f5 14. exf6 Nxf6 15.
Nc5 Qe7 16. g5 hxg5 17. fxg5 Ne4 18. Bh5+ g6 19. Nxe4 dxe4 20. Qg4 O-O-O 21.
Qxh4 gxh5 22. Rf6 Bf5 23. c3 Rhg8 24. Qg3 h4 25. Qg2 h3 26. Qg3 Rdf8 27. Rxf8+
Rxf8 28. Bf4 e3 29. Bd6 Qf7 30. Bxf8 Qxf8 31. Qxe3 Qd6 32. Qe5 Qe7 33. a6 bxa6
34. Rxa6 Kb7 35. Ra5 Qxg5+ 36. Qg3 Qc1+ 37. Kf2 Qd2+ 38. Kf3 Qxb2 39. Rc5 Qc2
40. Qg7+ Kb6 41. Qc7+ Kxc7 0-1

[Event "Lynskak DM 2023"]
[Site "Hvidovre"]
[Date "2023.05.14"]
[Round "9.7"]
[White "Hoi, Carsten"]
[Black "Pedersen, Jan Nordenbaek"]
[Result "1/2-1/2"]
[WhiteElo "2333"]
[BlackElo "2148"]
[PlyCount "72"]
[EventDate "2023.05.14"]
[EventType "swiss"]
[EventRounds "13"]
[EventCountry "DEN"]
[SourceTitle "Live v. Kasper Jerwiarz"]

1. d4 Nf6 2. c4 g6 3. Nc3 Bg7 4. e4 d6 5. f3 O-O 6. Be3 c5 7. Nge2 Nc6 8. Qd2
a6 9. d5 Ne5 10. Ng3 e6 11. Be2 exd5 12. cxd5 b5 13. O-O h5 14. h3 h4 15. Nh1
Nh7 16. f4 Nc4 17. Bxc4 bxc4 18. f5 gxf5 19. Nf2 Rb8 20. Rab1 Re8 21. Kh1 Qf6
22. exf5 Bxf5 23. Nfe4 Qg6 24. Rxf5 Qxf5 25. Nxd6 Bxc3 26. Nxf5 Bxd2 27. Bxd2
Re2 28. Bc3 Rbe8 29. Rf1 Ng5 30. d6 Ne4 31. d7 Rd8 32. Ne7+ Kf8 33. Ng6+ Kg8
34. Ne7+ Kf8 35. Ng6+ Kg8 36. Ne7+ Kf8 1/2-1/2

[Event "Lynskak DM 2023"]
[Site "Hvidovre"]
[Date "2023.05.14"]
[Round "9.8"]
[White "Nielsen, Viktor Haarmark"]
[Black "Hansen, Jacob Ost"]
[Result "0-1"]
[WhiteElo "2335"]
[BlackElo "2338"]
[PlyCount "60"]
[EventDate "2023.05.14"]
[EventType "swiss"]
[EventRounds "13"]
[EventCountry "DEN"]
[SourceTitle "Live v. Kasper Jerwiarz"]

1. d4 Nf6 2. c4 c5 3. d5 e5 4. Nc3 d6 5. e4 Be7 6. Bd3 Nbd7 7. Nf3 a6 8. a3 h5
9. O-O Nf8 10. b4 b6 11. Rb1 Ng6 12. Re1 h4 13. Bf1 Nh5 14. Be3 Nhf4 15. h3 Bg5
16. Kh2 Bh6 17. bxc5 bxc5 18. Na4 O-O 19. Nb6 Ra7 20. Nxc8 Qxc8 21. g3 hxg3+
22. fxg3 Nh5 23. Bxh6 gxh6 24. Nxe5 Nxe5 25. Qxh5 f5 26. Qxh6 Rh7 27. Qxd6 Nf3+
28. Kh1 fxe4 29. Rxe4 Rxh3+ 30. Kg2 Rh2# 0-1

[Event "Lynskak DM 2023"]
[Site "Hvidovre"]
[Date "2023.05.14"]
[Round "9.9"]
[White "Meskenas, Paulius"]
[Black "Olsen, Filip Boe"]
[Result "0-1"]
[WhiteElo "2159"]
[BlackElo "2435"]
[PlyCount "160"]
[EventDate "2023.05.14"]
[EventType "swiss"]
[EventRounds "13"]
[EventCountry "DEN"]
[SourceTitle "Live v. Kasper Jerwiarz"]

1. e4 c6 2. d4 d5 3. Nc3 dxe4 4. Nxe4 Bf5 5. Ng3 Bg6 6. Nf3 Nf6 7. Bd3 e6 8.
O-O Bd6 9. Re1 O-O 10. c4 Nbd7 11. Nf1 Qc7 12. h3 c5 13. dxc5 Nxc5 14. Bxg6
hxg6 15. b3 Rad8 16. Qc2 Nd3 17. Rd1 Nxc1 18. Raxc1 Bf4 19. Rxd8 Rxd8 20. Rd1
a6 21. Rd3 Rxd3 22. Qxd3 Qa5 23. g3 Bc1 24. a4 Ba3 25. Ne3 Bc5 26. Nd1 Qb6 27.
Kg2 Kf8 28. Ne1 Ke7 29. Nc2 Nd7 30. Nce3 Qc6+ 31. f3 Ne5 32. Qe2 Qd6 33. Nf2
Qd4 34. Ned1 Nc6 35. h4 Na5 36. Qc2 Nc6 37. Qe2 Qa1 38. Ne4 Nd4 39. Qd3 b6 40.
Nxc5 bxc5 41. Nf2 Qb2 42. Qe4 Qxb3 43. Qe5 Qxf3+ 44. Kf1 Qc6 45. Qb8 Qxa4 46.
Qc7+ Qd7 47. Qxc5+ Ke8 48. Ne4 Nf5 49. Ke2 f6 50. g4 Nd4+ 51. Kf1 Nc6 52. Nd6+
Kd8 53. Qb6+ Ke7 54. Nb7 Qd3+ 55. Kg2 Qd7 56. Nc5 Qd6 57. Qb7+ Kf8 58. Qc8+ Kf7
59. Qb7+ Kg8 60. Nxa6 Nd4 61. c5 Qf4 62. Qb2 Qxg4+ 63. Kf1 Qf4+ 64. Qf2 Qc1+
65. Kg2 Qc4 66. Kh2 Nb3 67. Qe3 e5 68. c6 Nd4 69. Qa3 Qxc6 70. Qa2+ Kh8 71. Nb4
Qf3 72. Qb1 Qe2+ 73. Kh3 Qf3+ 74. Kh2 Nf5 75. Qg1 Qf4+ 76. Kh3 Qxh4+ 77. Kg2
Qxb4 78. Qa7 Qg4+ 79. Kf1 Qf3+ 80. Ke1 Qe3+ 0-1

[Event "Lynskak DM 2023"]
[Site "Hvidovre"]
[Date "2023.05.14"]
[Round "9.10"]
[White "Ostergaard, Jens"]
[Black "Loftgaard, Mikkel Vinh"]
[Result "0-1"]
[WhiteElo "2278"]
[BlackElo "2244"]
[PlyCount "68"]
[EventDate "2023.05.14"]
[EventType "swiss"]
[EventRounds "13"]
[EventCountry "DEN"]
[SourceTitle "Live v. Kasper Jerwiarz"]

1. d4 Nf6 2. Nf3 d5 3. c4 e6 4. Nc3 Bb4 5. Bg5 O-O 6. e3 h6 7. Bxf6 Qxf6 8. Rc1
c6 9. Be2 Nd7 10. O-O Re8 11. e4 Bxc3 12. Rxc3 dxe4 13. Ne1 Nf8 14. Re3 Rd8 15.
Rxe4 c5 16. Nf3 Ng6 17. d5 exd5 18. cxd5 Bf5 19. Rc4 b6 20. b4 cxb4 21. Rxb4
Rd6 22. Qb3 Rad8 23. Rd4 Ne5 24. Rfd1 Rc8 25. R4d2 Nd7 26. Qa3 a5 27. h3 Nc5
28. Qb2 Qxb2 29. Rxb2 Rcd8 30. Kh2 Be4 31. Bc4 Na4 32. Rb3 Bxd5 33. Rbd3 Nb2
34. Bxd5 Nxd1 0-1

[Event "Lynskak DM 2023"]
[Site "Hvidovre"]
[Date "2023.05.14"]
[Round "10.1"]
[White "Kistrup, Nicolai"]
[Black "Boe, Mads"]
[Result "1-0"]
[WhiteElo "2300"]
[BlackElo "2283"]
[PlyCount "93"]
[EventDate "2023.05.14"]
[EventType "swiss"]
[EventRounds "13"]
[EventCountry "DEN"]
[SourceTitle "Live v. Kasper Jerwiarz"]

1. d4 f5 2. Bg5 g6 3. Nc3 d5 4. f3 Bg7 5. Qd2 Be6 6. O-O-O Nd7 7. e4 c6 8. exf5
Bxf5 9. g4 Be6 10. h4 h6 11. Bf4 Ngf6 12. Re1 Bf7 13. Bd6 Ng8 14. Nh3 Nb6 15.
Bc5 Qc7 16. Nf4 O-O-O 17. Ne6 Bxe6 18. Rxe6 Bf6 19. Bh3 g5 20. f4 Nd7 21. hxg5
Nxc5 22. dxc5 hxg5 23. fxg5 Be5 24. Ne2 d4 25. Bg2 Rxh1+ 26. Bxh1 d3 27. cxd3
Bh2 28. d4 Qd7 29. Re4 Qd5 30. Nc3 Qc4 31. Qxh2 e5 32. Qe2 Qb4 33. dxe5 Qxc5
34. e6 Qg1+ 35. Qe1 Qc5 36. e7 Re8 37. Re5 Qd6 38. Re6 Qc5 39. Qe3 Qb4 40. Qxa7
Kd7 41. Bxc6+ Kxe6 42. Bxe8 Nxe7 43. Qe3+ Kd6 44. Qe4 Qc5 45. Qf4+ Qe5 46. Nb5+
Kd5 47. Bf7+ 1-0

[Event "Lynskak DM 2023"]
[Site "Hvidovre"]
[Date "2023.05.14"]
[Round "10.2"]
[White "Andersen, Mads"]
[Black "Jaksland, Tim"]
[Result "1-0"]
[WhiteElo "2615"]
[BlackElo "2117"]
[PlyCount "93"]
[EventDate "2023.05.14"]
[EventType "swiss"]
[EventRounds "13"]
[EventCountry "DEN"]
[SourceTitle "Live v. Kasper Jerwiarz"]

1. e4 e5 2. Nf3 Nc6 3. Bc4 Nf6 4. d3 Bc5 5. c3 d6 6. O-O a5 7. Re1 O-O 8. h3
Be6 9. Bb5 Ba7 10. d4 Bd7 11. Ba4 h6 12. Bc2 Re8 13. a4 exd4 14. cxd4 Nb4 15.
Nc3 Nxc2 16. Qxc2 c6 17. Qb1 Rc8 18. Bf4 Bb8 19. Bh2 Nh7 20. Qd3 Qf6 21. Rad1
Ng5 22. Nd2 Ne6 23. Nb3 Bc7 24. Qd2 Qg6 25. f4 Nf8 26. f5 Qh5 27. Qf2 Nh7 28.
Bf4 Ng5 29. Qg3 d5 30. Bxc7 dxe4 31. Be5 Bxf5 32. Rf1 Bg6 33. Rde1 Ne6 34. Nxe4
Rcd8 35. Nd6 Rf8 36. Nxb7 Rd5 37. N7c5 Nxc5 38. Nxc5 Rb8 39. b3 Re8 40. Ne4 Kh7
41. Nf2 f6 42. Bf4 Red8 43. Re7 Rxd4 44. Ng4 Rd3 45. Nxf6+ Kh8 46. Nxh5 Rxg3
47. Nxg3 1-0

[Event "Lynskak DM 2023"]
[Site "Hvidovre"]
[Date "2023.05.14"]
[Round "10.3"]
[White "Skytte, Rasmus"]
[Black "Thorsbro, Peter"]
[Result "1-0"]
[WhiteElo "2430"]
[BlackElo "2165"]
[PlyCount "105"]
[EventDate "2023.05.14"]
[EventType "swiss"]
[EventRounds "13"]
[EventCountry "DEN"]
[SourceTitle "Live v. Kasper Jerwiarz"]

1. e4 c6 2. d4 d5 3. Nc3 dxe4 4. Nxe4 Bf5 5. Ng3 Bg6 6. h4 h6 7. Nh3 Nf6 8. Nf4
Bh7 9. Bc4 e6 10. O-O Be7 11. Ngh5 O-O 12. Re1 Nxh5 13. Nxh5 Bxh4 14. Qg4 Bg5
15. c3 Bg6 16. Nf4 Bxf4 17. Bxf4 Nd7 18. Bb3 Nf6 19. Qf3 Qa5 20. Be5 Nd7 21.
Bd6 Rfe8 22. Be5 Nxe5 23. Rxe5 Qc7 24. Rae1 Rad8 25. Qg3 Kh7 26. f4 b6 27. Qf2
Rc8 28. g4 c5 29. f5 Rf8 30. fxg6+ fxg6 31. Qg2 Rf4 32. R1e4 Rcf8 33. Rxf4 Rxf4
34. Re4 Rf6 35. Rxe6 Rf8 36. d5 Qf4 37. Re1 c4 38. Bc2 Qd6 39. Rf1 Qc5+ 40. Kh1
Re8 41. Rd1 Re3 42. d6 Qg5 43. d7 Qh4+ 44. Kg1 Re1+ 45. Rxe1 Qxe1+ 46. Kh2 Qh4+
47. Kg1 Qe1+ 48. Qf1 Qg3+ 49. Kh1 Qh4+ 50. Kg2 Qxg4+ 51. Kf2 Qxd7 52. Qxc4 Qg4
53. Qxg4 1-0